<?xml version="1.0" encoding="UTF-8"?>
<collection xmlns="http://www.loc.gov/MARC21/slim">
 <record>
  <leader>00355pamaa2200133   4500</leader>
  <controlfield tag="001">0000008027</controlfield>
  <controlfield tag="005">20070507090000.0</controlfield>
  <datafield tag="020" ind1="0" ind2="0">
   <subfield code="a">1856053687 </subfield>
  </datafield>
  <datafield tag="090" ind1="0" ind2="0">
   <subfield code="a">V103 </subfield>
   <subfield code="b">WAR 1997</subfield>
  </datafield>
  <datafield tag="245" ind1="0" ind2="0">
   <subfield code="a">WARFARE at sea  </subfield>
   <subfield code="c">edited by Peter Darman.</subfield>
  </datafield>
  <datafield tag="260" ind1="0" ind2="0">
   <subfield code="a">Leicester: </subfield>
   <subfield code="b">Blitz Editions, </subfield>
   <subfield code="c">1997.</subfield>
  </datafield>
  <datafield tag="300" ind1=" " ind2=" ">
   <subfield code="a">96p.: </subfield>
   <subfield code="b">col.ill.; </subfield>
   <subfield code="c">30cm.</subfield>
  </datafield>
  <datafield tag="650" ind1="0" ind2="0">
   <subfield code="a">Naval warfare </subfield>
  </datafield>
  <datafield tag="700" ind1="1" ind2="1">
   <subfield code="a">DARMAN, </subfield>
   <subfield code="h">Peter </subfield>
  </datafield>
 </record>
</collection>
